00294nam a2200109Ia 4500008004100000020002200041040002900063050002600092100001500118245003300133260001800166221021s9999||||xx |||||||||||||| ||und|| a978-0-7166-0108-1 cChuka University Library aAE 5b .W55 2008 V.13 aWORLD BOOK 4aThe world book encyclopaedia aChicagoc2008